000
00229 a2200097 4500
001
38020
100
_a
Nasar S A
245
_a
Schaum's Electric circuits: Book-II
260
_a
Singapore
_b
McGraw-H
_c
1988
090
_c
24199
_d
24199
942
_a
NUST-CAE
_c
M
_c
15779
999
_c
273093
_d
273093